书目信息 |
| 题名: |
中国沿海海平面变化影响评估
|
|
| 作者: | 相文玺 , 王慧 主编 | |
| 分册: | ||
| 出版信息: | 北京 海洋出版社 2019 |
|
| 页数: | 266页 | |
| 开本: | 26cm | |
| 丛书名: | ||
| 单 册: | ||
| 中图分类: | P542.1 , P542 | |
| 科图分类: | ||
| 主题词: | 海平面变化--影响--研究--中国 | |
| 电子资源: | ||
| ISBN: | 978-7-5210-0544-8 | |
| 000 | 01162nam0 2200241 450 | |
| 001 | 2247160311 | |
| 005 | 20220918130630.74 | |
| 010 | @a978-7-5210-0544-8@dCNY120.00 | |
| 100 | @a20220426e20222019em y0chiy50 ea | |
| 101 | 0 | @achi |
| 102 | @aCN@b110000 | |
| 105 | @aab z 000yy | |
| 200 | 1 | @a中国沿海海平面变化影响评估@9zhong guo yan hai hai ping mian bian hua ying xiang ping gu@f相文玺, 王慧主编 |
| 210 | @a北京@c海洋出版社@d2019@h20222印 | |
| 215 | @a266页@c图,地图@d26cm | |
| 330 | @a本书基于近50年的海平面变化观(监)测数据、近10年的海平面变化影响调查信息以及高精度基础地理信息数据等,采用科学合理的技术方法,综合研判中国沿海地区的海平面变化及其影响状况事实,深入开展了海平面变化和极端气候事件的成因机制及预测研究,在此基础上重点针对不同海平面上升情景下淹没风险、海岸带脆弱性、海岸侵蚀、风暴潮和工程设计等进行了中国沿海及典型示范区的专题影响评估,并提出了科学应对海平面上升的策略,希望能为国家和地区社会经济可持续性发展提供决策参考。 | |
| 606 | 0 | @a海平面变化@x影响@x研究@y中国 |
| 690 | @aP542.1@v5 | |
| 690 | @aP542@v4 | |
| 701 | 0 | @a相文玺@9xiang wen xi@4主编 |
| 701 | 0 | @a王慧@9wang hui@4主编 |
| 801 | 0 | @aCN@b91MARC@c20220712 |
| 905 | @aZUCC@dP542@e2 | |
| 中国沿海海平面变化影响评估/相文玺, 王慧主编.-北京:海洋出版社,2019(20222印) |
| 266页:图,地图;26cm |
| ISBN 978-7-5210-0544-8:CNY120.00 |
| 本书基于近50年的海平面变化观(监)测数据、近10年的海平面变化影响调查信息以及高精度基础地理信息数据等,采用科学合理的技术方法,综合研判中国沿海地区的海平面变化及其影响状况事实,深入开展了海平面变化和极端气候事件的成因机制及预测研究,在此基础上重点针对不同海平面上升情景下淹没风险、海岸带脆弱性、海岸侵蚀、风暴潮和工程设计等进行了中国沿海及典型示范区的专题影响评估,并提出了科学应对海平面上升的策略,希望能为国家和地区社会经济可持续性发展提供决策参考。 |
| ● |
| 相关链接 |
|
|
|
正题名:中国沿海海平面变化影响评估
索取号:P542/2
 
预约/预借
| 序号 | 登录号 | 条形码 | 馆藏地/架位号 | 状态 | 备注 |
| 1 | 2000897829 | 2000897829 | 第三书库/ [索取号:P542/2] | 在馆 | |
| 2 | 2000897830 | 2000897830 | 第三书库/ [索取号:P542/2] | 在馆 | |
| 3 | 2000897831 | 2000897831 | 第三书库/ [索取号:P542/2] | 在馆 |